01968cam a22004934i 4500003000900000005001700009008004100026020001500067035002700082040003300109049000900142082001700151100003800168245006300206264003600269300005500305336002100360337002500381338002300406505015800429526000900587526000900596526000900605526000900614526000900623526000900632526000800641526000800649526000800657526000800665526000800673526000800681651004100689700002100730910001800751942001400769949015300783949013200936994001401068596000601082999015901088980005501247952017201302PE-LiUPU20250731184509.0150616s r 000 0 d a8459968847 a(Sirsi) i9788459968843 aPE-LiUPUbspacPE-LiUPUerda aPRUA04a985bK262211 aKauffmann Doig,fFederico,eautor.10aHistoria General de los Peruanos :bEl Perú Republicano. 1aLima :bEdiciones PEISA,c1986. a765 páginas :bIlustraciones ;c22 centímetros atext2rdacontent aunmediated2rdamedia avolume2rdacarrier0 aTupac Amaru: precursor de la independencia.- Emancipación y Republica hasta 1899.- El Perú de 1900 a 1985.- Indagaciones sobre el Perú republicano. aP136 aP135 aP134 aP133 aP144 aP143 aP87 aP35 aP20 aP14 aP10 aP06 aPerúxHistoriayEpoca republicana.1 aDocafe, Enrique. ajckbjvqcjck 2ddccBOOK a985 K26wDEWEYc1i29494d2016-8-29e2016-8-25lCCODEBUL1mBULn1p59.99r0sYtBOOKu2015-6-16xEDUCACIONPP200COMPRAo.STAFF. Colección General a985 K26wDEWEYc2i29496lCCODEBUL1mBULp59.99r0sYtBOOKu2016-9-19xEDUCACIONPP200COMPRAo.STAFF. Colección Educación aC0bPEPRU a1 a985 K26 IIwLCc11753i29495d11753e2018-6-3f2021-11-8g5lCCODEBUL1mBULn1r0sYtBOOKu2016-8-8xBIBLIOTECAPP200COMPRAo.STAFF. Colección General 81gALBERTO SANCHEZ Responsable de Automatización r2025-12-03 00:00:00i6l3o985 K26 IIp29495s2022-11-09te1w2016-08-08xFACIHEDyBKzinventario-2023-12-13102ddc50708GENfP20aBULbBULcGENd2016-08-08eCOMPRA